Largest High Tech Companies in Israel - Statistics

General Stats
  • This quiz has been taken 12 times
  • The average score is 3 of 30
Answer Stats
Sector | ענף Answer | תשובה % Correct
Defense industry Rafael | רפאל
55%
Semiconductors Intel | אינטל
45%
Software Development Microsoft Israel | מיקרוסופט ישראל
45%
Defense industry Elbit Systems | אלביט מערכות
36%
Internet Wix | וויקס
36%
Software Development IBM | יבמ ישראל
18%
Cyber Check Point | צ'ק פוינט
9%
Cyber Cyber-Ark | סייבר-ארק
9%
Defense industry IAI | התעשייה האווירית לישראל
9%
Software Development Nice | נייס
9%
Semiconductors Tower Semiconductor | טאואר סמיקונדקטור
9%
Software Development Amdocs | אמדוקס
0%
Semiconductors Applied Materials | אפלייד מטריאלס
0%
Defense industry Elta | אלתא
0%
Fintech EToro | איטורו
0%
Electronic Systems Flex | פלקס
0%
Information technology. Formula Systems | פורמולה מערכות
0%
Internet Ironsource | איירונסורס
0%
Electronic Systems KLA-Tencor | קלא - טנכור
0%
Electronic Systems Mobileye | מובילאיי
0%
Internet Natural Intelligence | נטורל אינטליג'נס
0%
Semiconductors Nova | נובה
0%
Internet Outbrain | אאוטבריין
0%
Software Development Payoneer | פיוניר
0%
Internet Perion Network | פריון נטוורק
0%
Internet Playtika | פלייטיקה
0%
Fintech PLUS500 | פלוס500
0%
Electronic Systems Stratasys | סטרטסיס
0%
Internet Taboola | טבולה
0%
Semiconductors Vishay | ווישיי
0%
No matching quizzes found
Score Distribution
Percent of People with Each Score
Percentile by Number Answered
Your Score History
You have not taken this quiz